[Event "II. Budapest Open"]
[Site ", "]
[Date "2012.08.23"]
[Round "6"]
[White "Jacso, Adam"]
[Black "Yip, Michael"]
[Result "0-1"]
[WhiteElo "2224"]
[BlackElo "2072"]
[PlyCount "88"]
[EventDate "2012.??.??"]

1. d4 d6 2. c4 e5 3. Nf3 e4 4. Ng5 f5 5. g3 Nf6 6. Bg2 h6 7. Nh3 g5 8. O-O Bg7
9. Nc3 c6 10. d5 c5 11. f3 exf3 12. exf3 O-O 13. Re1 Na6 14. Be3 Nc7 15. f4 g4
16. Nf2 Bd7 17. Qc2 a6 18. Rab1 b5 19. cxb5 Nxb5 20. Nxb5 axb5 21. b4 cxb4 22.
Nd3 Rc8 23. Qf2 Rc4 24. Bb6 Qb8 25. Rxb4 Ne4 26. Bxe4 fxe4 27. Rxc4 bxc4 28.
Nc1 Qb7 29. Rxe4 Qxd5 30. Re7 Rf7 31. Re1 Bc6 32. Kf1 Rb7 33. Be3 c3 34. Nb3
Re7 35. f5 Qh1+ 36. Ke2 Qe4 37. Kf1 Qd3+ 38. Kg1 Qd5 39. Kf1 Rf7 40. Bf4 Rxf5
41. Re7 Qd3+ 42. Ke1 Bf3 43. Qa7 Bf8 44. Re8 Re5+ 0-1

[Event "II. Budapest Open"]
[Site ", "]
[Date "2012.08.23"]
[Round "6"]
[White "Farkas, Richard"]
[Black "Nagy, Aron"]
[Result "0-1"]
[WhiteElo "2116"]
[BlackElo "2091"]
[PlyCount "85"]
[EventDate "2012.??.??"]

1. e4 c6 2. d4 d5 3. exd5 cxd5 4. Bd3 Nc6 5. c3 Qc7 6. Ne2 Bg4 7. Qb3 e6 8. Bf4
Qd7 9. Ng3 Nf6 10. Bg5 Bd6 11. f3 Bxg3+ 12. hxg3 Bf5 13. Bxf5 exf5 14. Bxf6
gxf6 15. Kf2 O-O-O 16. Nd2 Rdg8 17. Rh5 Rg5 18. Rah1 Qd6 19. f4 Rg7 20. Rxf5
Ne7 21. Rfh5 Rhg8 22. R1h3 Rxg3 23. Rh2 Qxf4+ 24. Nf3 Rxg2+ 25. Rxg2 Rxg2+ 26.
Kxg2 Qg4+ 27. Kf2 Qxh5 28. Qa3 Nc6 29. Qf8+ Kc7 30. b4 a6 31. a4 Kd7 32. b5
axb5 33. axb5 Nd8 34. Qc5 Qf5 35. Ke3 Qe4+ 36. Kf2 h5 37. b6 h4 38. Qc7+ Ke8
39. Qc8 Qc2+ 40. Kg1 Qg6+ 41. Kh1 Qg3 42. Nh2 h3 43. Qg4 0-1

[Event "II. Budapest Open"]
[Site ", "]
[Date "2012.08.23"]
[Round "6"]
[White "Orosz, Andras"]
[Black "Kanarkiewicz, Michal"]
[Result "1-0"]
[WhiteElo "1948"]
[BlackElo "2076"]
[PlyCount "87"]
[EventDate "2012.??.??"]

1. d4 Nf6 2. Bg5 Ne4 3. Bf4 c5 4. f3 Qa5+ 5. c3 Nf6 6. d5 d6 7. e4 g6 8. Nd2
Nbd7 9. Nc4 Qc7 10. a4 Bg7 11. Nh3 O-O 12. Nf2 b6 13. Na3 a6 14. Be2 Ne5 15.
O-O Ne8 16. Nd3 e6 17. Nxe5 dxe5 18. Be3 exd5 19. exd5 Nd6 20. Nc4 Rd8 21. Nxd6
Rxd6 22. c4 Bb7 23. Qd2 f5 24. Bh6 Bh8 25. Bd3 Re8 26. Kh1 b5 27. axb5 axb5 28.
b3 b4 29. Bc2 f4 30. Bg5 h6 31. Bh4 g5 32. Bf2 Bc8 33. Be4 h5 34. Ra2 g4 35.
Rfa1 g3 36. hxg3 Qe7 37. Bxc5 fxg3 38. Bxd6 Qh4+ 39. Kg1 Bf6 40. Qh6 Bf5 41.
Bxf5 Qh2+ 42. Kf1 Qh1+ 43. Ke2 Qxg2+ 44. Ke3 1-0

[Event "II. Budapest Open"]
[Site ", "]
[Date "2012.08.23"]
[Round "6"]
[White "Koczo, Kristof"]
[Black "Berta, Sandor"]
[Result "1/2-1/2"]
[WhiteElo "2233"]
[BlackElo "1891"]
[PlyCount "84"]
[EventDate "2012.??.??"]

1. d4 d5 2. c4 dxc4 3. Nf3 a6 4. e4 b5 5. a4 Bb7 6. axb5 axb5 7. Rxa8 Bxa8 8.
Nc3 e6 9. Nxb5 Bb4+ 10. Bd2 Bxd2+ 11. Nxd2 c6 12. Qa4 cxb5 13. Qxa8 Nf6 14. Be2
O-O 15. e5 Nd5 16. O-O Nf4 17. Bf3 Qxd4 18. Ne4 Qxe5 19. Qb7 Qxb2 20. Nd6 b4
21. Nxc4 Qd4 22. Qxb4 Rc8 23. Rd1 Nd3 24. Qb7 Qxf2+ 25. Kh1 Qc5 26. Rxd3 Qxc4
27. h3 g6 28. Rd4 Qc1+ 29. Rd1 Qc5 30. Rd4 Kg7 31. Rd1 Qc7 32. Qb2+ e5 33. Bg4
Re8 34. Rc1 Qe7 35. Qb5 e4 36. Bc8 Qe5 37. Rc5 Qd4 38. Bg4 Rd8 39. Rc1 Qd5 40.
Qb2+ Qd4 41. Qb5 Qd5 42. Qb2+ Qd4 1/2-1/2

[Event "II. Budapest Open"]
[Site ", "]
[Date "2012.08.23"]
[Round "6"]
[White "Takacs, Kevin"]
[Black "Szepes, Tamas"]
[Result "0-1"]
[WhiteElo "1909"]
[BlackElo "2227"]
[PlyCount "72"]
[EventDate "2012.??.??"]

1. d4 d5 2. c4 e6 3. Nc3 Nf6 4. Nf3 Nbd7 5. Bf4 c6 6. e3 Be7 7. Bd3 O-O 8. O-O
b6 9. cxd5 exd5 10. Rc1 Bb7 11. Ne5 c5 12. Qf3 Re8 13. Rfd1 a6 14. a4 Ra7 15.
Bf5 Nf8 16. b3 Bd6 17. g4 cxd4 18. exd4 Ba3 19. Rc2 Ne4 20. Bxe4 dxe4 21. Qe2
Ne6 22. Be3 Bd6 23. Nc4 Nf4 24. Qf1 Qh4 25. Bxf4 Bxf4 26. Qg2 e3 27. f3 b5 28.
axb5 axb5 29. Nxb5 Ra6 30. Nc3 Rg6 31. d5 h5 32. h3 hxg4 33. hxg4 f5 34. Ne2
Bb8 35. Rd4 Rh6 36. g5 Qe1+ 0-1

[Event "II. Budapest Open"]
[Site ", "]
[Date "2012.08.23"]
[Round "6"]
[White "Toth, Sarolta"]
[Black "Heyl, Thomas"]
[Result "1-0"]
[WhiteElo "2192"]
[BlackElo "2009"]
[PlyCount "157"]
[EventDate "2012.??.??"]

1. Nf3 d5 2. c4 e6 3. g3 Nf6 4. Bg2 dxc4 5. Qa4+ c6 6. Qxc4 b5 7. Qc2 Bb7 8.
O-O Nbd7 9. d3 c5 10. a4 a6 11. Nc3 b4 12. Ne4 Be7 13. Bf4 Nd5 14. Bd6 Rc8 15.
Bxe7 Qxe7 16. Ned2 O-O 17. Nc4 N5b6 18. a5 Nxc4 19. Qxc4 Qd6 20. Nd2 Bd5 21.
Qc2 Bxg2 22. Kxg2 Ne5 23. Rfc1 h5 24. Kg1 h4 25. Nc4 Nxc4 26. Qxc4 hxg3 27.
hxg3 Qe5 28. Rc2 Rc6 29. d4 Qh5 30. dxc5 Rfc8 31. Qd3 e5 32. Rac1 Rh6 33. Qf3
Qh2+ 34. Kf1 Qh3+ 35. Qg2 Qf5 36. c6 b3 37. Rc5 Rc7 38. Qf3 Qh3+ 39. Qg2 Qf5
40. f4 Qh7 41. Rxe5 Qg6 42. Rec5 Qf6 43. R1c3 Qd4 44. Rd5 Qa4 45. Rd7 Rcxc6 46.
Rxc6 Qxc6 47. Qxc6 Rxc6 48. Rb7 Rc5 49. Rxb3 Rxa5 50. Rb7 g5 51. Kf2 gxf4 52.
gxf4 Kg7 53. Kf3 Rc5 54. e4 a5 55. f5 Kf6 56. Kf4 Rc4 57. b3 Rd4 58. Rb6+ Ke7
59. Rb5 f6 60. Rxa5 Rb4 61. Ra7+ Ke8 62. Kg4 Rxe4+ 63. Kh5 Rb4 64. Kg6 Rb6 65.
b4 Rxb4 66. Kxf6 Rb6+ 67. Kg7 Rb1 68. Ra8+ Kd7 69. f6 Rg1+ 70. Kf7 Rg2 71. Ra1
Rg3 72. Rd1+ Kc7 73. Ke7 Re3+ 74. Kf8 Rf3 75. f7 Rg3 76. Rd4 Rg2 77. Ke7 Re2+
78. Kf6 Rf2+ 79. Ke6 1-0

[Event "II. Budapest Open"]
[Site ", "]
[Date "2012.08.23"]
[Round "6"]
[White "Gubics, Peter"]
[Black "Bellan, Istvan"]
[Result "1-0"]
[WhiteElo "2149"]
[BlackElo "1938"]
[PlyCount "81"]
[EventDate "2012.??.??"]

1. Nf3 Nf6 2. c4 g6 3. g3 Bg7 4. Bg2 d6 5. Nc3 O-O 6. O-O e5 7. d3 Nc6 8. Bd2
h6 9. Rb1 Rb8 10. b4 a6 11. Qc2 Be6 12. Rfc1 Qd7 13. b5 axb5 14. cxb5 Ne7 15.
a4 b6 16. Na2 Ne8 17. Nb4 f5 18. e3 d5 19. Na6 Rc8 20. Bb4 Rf7 21. Bc3 d4 22.
exd4 exd4 23. Bd2 Nd5 24. Qc6 Nc3 25. Qxd7 Rxd7 26. Bxc3 dxc3 27. Nb4 g5 28.
Re1 Bf7 29. Ne5 Re7 30. Nbc6 Kf8 31. Ng6+ Bxg6 32. Nxe7 Bf7 33. Nxc8 c2 34.
Rbc1 Bb3 35. Ne7 Nd6 36. Nd5 Bxa4 37. Nxc7 Bc3 38. Bc6 f4 39. Nd5 Bd2 40. Kf1
Nf5 41. Nxb6 1-0

[Event "II. Budapest Open"]
[Site ", "]
[Date "2012.08.23"]
[Round "6"]
[White "Antal, Attila Dr"]
[Black "Balla, Attila"]
[Result "1/2-1/2"]
[WhiteElo "2062"]
[BlackElo "1749"]
[PlyCount "78"]
[EventDate "2012.??.??"]

1. e4 d6 2. d4 Nf6 3. Nc3 e5 4. Nf3 Nbd7 5. Bc4 Be7 6. O-O O-O 7. a4 a6 8. Qe2
b6 9. Rd1 Qe8 10. Nd5 Nxd5 11. Bxd5 Rb8 12. Qc4 c5 13. dxe5 Nxe5 14. Nxe5 dxe5
15. Be3 a5 16. f4 Bf6 17. f5 Qe7 18. Qe2 Bb7 19. Qh5 Bxd5 20. Rxd5 Rfd8 21. c4
Rxd5 22. cxd5 c4 23. Qe2 Qb4 24. Qc2 Be7 25. Bd2 Qc5+ 26. Kf1 g6 27. Bc3 Bd6
28. Qf2 Qxf2+ 29. Kxf2 gxf5 30. exf5 Bc5+ 31. Kf3 f6 32. Ke4 Kf7 33. Rc1 Rg8
34. g3 Rg4+ 35. Kf3 Rg5 36. g4 e4+ 37. Kxe4 Rxg4+ 38. Kf3 Rg5 39. Ke4 Rg4+
1/2-1/2

[Event "II. Budapest Open"]
[Site ", "]
[Date "2012.08.23"]
[Round "6"]
[White "Kumala, Aleksander"]
[Black "Dal Bianco, Nicola"]
[Result "1-0"]
[WhiteElo "1963"]
[BlackElo "1705"]
[PlyCount "109"]
[EventDate "2012.??.??"]

1. e4 c5 2. Nf3 Nc6 3. d4 cxd4 4. c3 dxc3 5. Nxc3 g6 6. Bc4 e6 7. Bf4 a6 8. e5
Bg7 9. Ne4 h6 10. Nd6+ Kf8 11. h4 Nge7 12. g4 b5 13. Bb3 Na5 14. Bc2 Nd5 15.
Be4 Nxf4 16. Bxa8 Nc4 17. Qd4 Nxe5 18. Kf1 Ned3 19. Qe3 Qc7 20. Nxc8 Qxc8 21.
Be4 Qc2 22. Bxd3 Qxd3+ 23. Qxd3 Nxd3 24. Rd1 Nxb2 25. Rxd7 Bc3 26. Rc7 b4 27.
Ra7 a5 28. Rxa5 Ke7 29. Ra7+ Kd6 30. a3 bxa3 31. Rxa3 Rc8 32. Kg2 Bg7 33. Ra7
Rc7 34. Rxc7 Kxc7 35. g5 h5 36. Ra1 Nc4 37. Rc1 Kd6 38. Rxc4 e5 39. Ra4 Ke6 40.
Ra7 e4 41. Nd2 Bd4 42. Rb7 e3 43. fxe3 Bxe3 44. Nc4 Bd4 45. Kf3 f5 46. gxf6
Kxf6 47. Ke4 Bf2 48. Ne5 Bxh4 49. Rb6+ Kg7 50. Rxg6+ Kh7 51. Kf5 Bd8 52. Nf7
Be7 53. Ng5+ Kh8 54. Ke6 Bf8 55. Kf7 1-0

[Event "II. Budapest Open"]
[Site ", "]
[Date "2012.08.23"]
[Round "6"]
[White "Shan, He Jia Rita"]
[Black "Kozma, Gabor"]
[Result "1/2-1/2"]
[WhiteElo "1642"]
[BlackElo "1959"]
[PlyCount "87"]
[EventDate "2012.??.??"]

1. e4 c5 2. Nf3 d6 3. d4 cxd4 4. Nxd4 Nf6 5. Nc3 a6 6. f3 e6 7. Bg5 Be7 8. Be2
O-O 9. O-O b5 10. a4 b4 11. Na2 Qa5 12. Bd2 d5 13. e5 Nfd7 14. f4 Qb6 15. c3
Bc5 16. Be3 Nc6 17. Kh1 a5 18. Nxc6 Bxe3 19. Nd4 bxc3 20. bxc3 Ba6 21. Bxa6
Qxa6 22. Rf3 Bxd4 23. cxd4 Rab8 24. Rh3 Rb2 25. Nc3 Qc4 26. Nb5 Nb6 27. Nd6 Qb4
28. f5 Nxa4 29. f6 g6 30. Rha3 Nc3 31. Qc1 Ne2 32. Qe1 Qxd4 33. Qxa5 Rbb8 34.
Qc7 Qxe5 35. Ra8 Qb2 36. h3 Nf4 37. R1a2 Qb1+ 38. Kh2 Nh5 39. Nxf7 Rxa8 40.
Nh6+ Kh8 41. Nf7+ Kg8 42. Rxa8 Rxa8 43. Nh6+ Kh8 44. Nf7+ 1/2-1/2

[Event "II. Budapest Open"]
[Site ", "]
[Date "2012.08.23"]
[Round "6"]
[White "Terbe, Julianna"]
[Black "Bodrogi, Laszlo"]
[Result "1/2-1/2"]
[WhiteElo "1895"]
[BlackElo "2043"]
[PlyCount "91"]
[EventDate "2012.??.??"]

1. e4 c5 2. Nf3 Nc6 3. d4 cxd4 4. Nxd4 e6 5. Nb5 Nf6 6. N1c3 Bb4 7. a3 Bxc3+ 8.
Nxc3 d5 9. exd5 exd5 10. Bd3 h6 11. O-O O-O 12. Bf4 Bg4 13. Qc1 Ne7 14. h3 Bf5
15. Qd2 Ne4 16. Nxe4 dxe4 17. Be2 Qxd2 18. Bxd2 Rfd8 19. Rfd1 Rac8 20. c3 Be6
21. Be3 Bb3 22. Rd4 Rxd4 23. Bxd4 Nc6 24. Be3 b6 25. Ba6 Rd8 26. Bb7 Ne5 27.
Bxe4 Nc4 28. Bd4 Re8 29. Bf3 Nd2 30. Rc1 Nxf3+ 31. gxf3 Re2 32. c4 Rd2 33. Be5
f6 34. Bc3 Rd3 35. Kg2 Bd1 36. f4 Bb3 37. Be1 Rd7 38. c5 Bd5+ 39. Kh2 bxc5 40.
Rxc5 Be6 41. f5 Rd5 42. Rc7 Rxf5 43. Re7 Re5 44. Bc3 Re2 45. Kg3 a6 46. Ra7
1/2-1/2

[Event "II. Budapest Open"]
[Site ", "]
[Date "2012.08.22"]
[Round "6"]
[White "Zoldy, Robert"]
[Black "Furedi, Erik"]
[Result "1/2-1/2"]
[WhiteElo "1990"]
[BlackElo "1732"]
[PlyCount "58"]
[EventDate "2012.??.??"]

1. e4 e5 2. Nf3 Nc6 3. Bb5 g6 4. c3 Bg7 5. d4 exd4 6. cxd4 a6 7. Ba4 b5 8. Bb3
Nge7 9. O-O O-O 10. Bg5 d6 11. Nc3 Qd7 12. Qd2 Bb7 13. Rfe1 Kh8 14. Re2 f6 15.
Bh6 Na5 16. Bc2 Nc4 17. Bxg7+ Kxg7 18. Qc1 f5 19. b3 Nb6 20. Qb2 Rae8 21. Rae1
b4 22. Na4 fxe4 23. Nxb6 cxb6 24. Bxe4 Bxe4 25. Rxe4 Nd5 26. a3 Rxe4 27. Rxe4
Re8 28. Rxe8 Qxe8 29. axb4 Nxb4 1/2-1/2

[Event "II. Budapest Open"]
[Site ", "]
[Date "2012.08.23"]
[Round "6"]
[White "Halak, Miklos"]
[Black "Czegledi, Barna Jr"]
[Result "1-0"]
[WhiteElo "2137"]
[BlackElo "1799"]
[PlyCount "73"]
[EventDate "2012.??.??"]

1. e4 d5 2. exd5 Qxd5 3. Nc3 Qa5 4. d4 Nf6 5. Bc4 c6 6. Nf3 Bf5 7. O-O Nbd7 8.
Bf4 e6 9. a3 Be7 10. Qe2 O-O 11. h3 Nd5 12. Nxd5 cxd5 13. Ba2 Rac8 14. c3 Qb6
15. g4 Be4 16. Ng5 Bg6 17. Bb1 Bxb1 18. Raxb1 Bxg5 19. Bxg5 Qc6 20. Bf4 b5 21.
h4 a5 22. a4 bxa4 23. Ra1 Nb6 24. h5 Nc4 25. h6 f6 26. hxg7 Kxg7 27. f3 Rf7 28.
Qh2 Kh8 29. Rf2 Qb5 30. Re1 Qb6 31. Qh5 Rcf8 32. Bh6 Nxb2 33. Bxf8 Rxf8 34. Rh2
Qb7 35. Qh6 Kg8 36. g5 fxg5 37. Qxg5+ 1-0

[Event "II. Budapest Open"]
[Site ", "]
[Date "2012.08.23"]
[Round "6"]
[White "Palla, Akos Botond"]
[Black "Szurkos, Andras"]
[Result "1-0"]
[WhiteElo "2014"]
[BlackElo "1783"]
[PlyCount "57"]
[EventDate "2012.??.??"]

1. e4 c5 2. Nf3 d6 3. d4 cxd4 4. Nxd4 Nf6 5. Nc3 e5 6. Nb3 Be7 7. Be2 O-O 8.
Be3 a6 9. O-O b5 10. Nd5 Nbd7 11. f3 Bb7 12. Nxe7+ Qxe7 13. Na5 Nc5 14. b4
Ncxe4 15. fxe4 Bxe4 16. Bf3 Rac8 17. Bxe4 Nxe4 18. Qg4 d5 19. Nb3 Qxb4 20. Bh6
g6 21. Rxf7 Kxf7 22. Qd7+ Qe7 23. Qxd5+ Ke8 24. Qxe4 Rf5 25. Re1 Rc4 26. Qd5
Qa7+ 27. Be3 Qc7 28. Bc5 e4 29. Qe6+ 1-0

[Event "II. Budapest Open"]
[Site ", "]
[Date "2012.08.23"]
[Round "6"]
[White "Ruck, Robert"]
[Black "Szalai, Krisztian"]
[Result "1-0"]
[WhiteElo "2009"]
[BlackElo "1710"]
[PlyCount "61"]
[EventDate "2012.??.??"]

1. e4 d6 2. d4 Nf6 3. Nc3 g6 4. f3 Bg7 5. Be3 O-O 6. Qd2 e5 7. O-O-O exd4 8.
Bxd4 Nc6 9. Be3 Re8 10. Nge2 h5 11. Nf4 a6 12. Nfd5 Ne5 13. h3 Ned7 14. Bg5 Nf8
15. g4 hxg4 16. hxg4 N8h7 17. Bh6 Bh8 18. Bc4 Be6 19. Bf4 Bg7 20. Qh2 Bxd5 21.
Nxd5 Nf8 22. Bh6 Bxh6+ 23. Qxh6 N6h7 24. g5 Re6 25. f4 c6 26. Nc3 Re8 27. e5 d5
28. Ne4 Re6 29. Nf6+ Rxf6 30. gxf6 Qb6 31. Qg7# 1-0

[Event "II. Budapest Open"]
[Site ", "]
[Date "2012.08.23"]
[Round "6"]
[White "Czimer, Jozsef"]
[Black "Toth-Katona, Tamas"]
[Result "1/2-1/2"]
[WhiteElo "1791"]
[BlackElo "1859"]
[PlyCount "84"]
[EventDate "2012.??.??"]

1. e4 e5 2. Nf3 Nc6 3. Bb5 a6 4. Bxc6 dxc6 5. O-O Bd6 6. d4 exd4 7. Qxd4 f6 8.
e5 Be7 9. Qxd8+ Bxd8 10. exf6 Bxf6 11. Re1+ Kf7 12. c3 Ne7 13. Bf4 Nd5 14. Be5
Re8 15. Nbd2 Bg4 16. h3 Bxf3 17. Nxf3 Rad8 18. Rad1 Bxe5 19. Nxe5+ Kf8 20. g3
Nf6 21. Rxd8 Rxd8 22. Re2 g6 23. Kg2 Re8 24. Kf3 Rd8 25. a3 Nd7 26. Nxd7+ Rxd7
27. h4 Kf7 28. Re4 c5 29. Ke2 b5 30. g4 c4 31. g5 c5 32. Rf4+ Ke7 33. Rf6 Rd6
34. Rf3 Re6+ 35. Re3 Rxe3+ 36. Kxe3 Ke6 37. Ke4 a5 38. Kf4 Kd5 39. f3 b4 40.
Kg4 bxa3 41. bxa3 a4 42. Kf4 Ke6 1/2-1/2

[Event "II. Budapest Open"]
[Site ", "]
[Date "2012.08.23"]
[Round "6"]
[White "Kalmar, Karoly"]
[Black "Devald, Peter"]
[Result "1-0"]
[WhiteElo "1920"]
[BlackElo "1563"]
[PlyCount "93"]
[EventDate "2012.??.??"]

1. e4 c5 2. Nc3 Nc6 3. g3 g6 4. Bg2 Bg7 5. d3 e6 6. f4 d6 7. Be3 Nge7 8. Nf3
O-O 9. O-O Rb8 10. Qd2 b6 11. Rab1 Ba6 12. Rfe1 Qd7 13. d4 Rfd8 14. Rbd1 Qc7
15. Ne2 Bxe2 16. Qxe2 Rbc8 17. c3 cxd4 18. Nxd4 Nxd4 19. Bxd4 d5 20. e5 Nf5 21.
Bf2 Qc4 22. g4 Ne7 23. Qxc4 Rxc4 24. Rd4 Rdc8 25. Bf1 Rxd4 26. Bxd4 Nc6 27. Bf2
Na5 28. Bd3 Nc4 29. Re2 Bf8 30. Kg2 Bc5 31. Bxc4 Bxf2 32. Ba6 Rc5 33. Kxf2 Ra5
34. Bd3 Rxa2 35. f5 Ra4 36. h3 gxf5 37. gxf5 exf5 38. Kf3 f4 39. Rd2 h6 40. Bb5
Re4 41. Rxd5 Re3+ 42. Kxf4 Rxh3 43. Rd2 Rh4+ 44. Kf5 Rh5+ 45. Kf6 Rg5 46. Bd3
Rg4 47. Bf5 1-0

[Event "II. Budapest Open"]
[Site ", "]
[Date "2012.08.23"]
[Round "6"]
[White "Mihaly, Zoltan"]
[Black "Medve, Mark"]
[Result "0-1"]
[WhiteElo "1756"]
[BlackElo "1979"]
[PlyCount "130"]
[EventDate "2012.??.??"]

1. c4 c6 2. g3 d5 3. cxd5 cxd5 4. d4 Nf6 5. Bg2 Nc6 6. Nc3 e6 7. Nf3 Be7 8. O-O
O-O 9. Re1 a6 10. Qb3 b5 11. a3 Bb7 12. Bg5 h6 13. Bf4 Qb6 14. Red1 Rac8 15.
Rac1 g5 16. Be5 Nd7 17. h3 Ncxe5 18. dxe5 Rc7 19. Na2 Nc5 20. Qe3 Rfc8 21. Nb4
Nd7 22. Rxc7 Rxc7 23. Qxb6 Nxb6 24. Nd3 a5 25. Nd4 Ba6 26. b4 axb4 27. axb4 Rc4
28. Ra1 Na4 29. e3 Bxb4 30. Rb1 Bf8 31. Nxb5 Rc8 32. Ne1 Bxb5 33. Rxb5 Rc1 34.
Kf1 Nc3 35. Rb3 Bc5 36. Rb2 Nd1 37. Rc2 Bxe3 38. Rxc1 Bxc1 39. Nd3 Ba3 40. Ke2
Nc3+ 41. Ke3 Na4 42. Kd4 Nb6 43. f4 Nc4 44. fxg5 hxg5 45. g4 Bb2+ 46. Nxb2 Nxb2
47. Bf3 Na4 48. Be2 Nb6 49. Kc5 Nd7+ 50. Kd6 Nf8 51. Kc5 Ng6 52. Kd4 Kf8 53.
Bf1 Ke7 54. Bg2 Nh4 55. Bh1 Kd7 56. Kc5 Kc7 57. Kb5 Ng6 58. Kc5 Nxe5 59. Bg2
Nd3+ 60. Kd4 Nf4 61. Bf1 Kd6 62. Ke3 e5 63. Kf3 e4+ 64. Ke3 Ke5 65. Kd2 d4 0-1

[Event "II. Budapest Open"]
[Site ", "]
[Date "2012.08.23"]
[Round "6"]
[White "Szlenka, Attila"]
[Black "Indig, Akos"]
[Result "1/2-1/2"]
[WhiteElo "1736"]
[BlackElo "1349"]
[PlyCount "88"]
[EventDate "2012.??.??"]

1. Nf3 Nf6 2. c4 b6 3. g3 Bb7 4. Bg2 e6 5. O-O Be7 6. Nc3 d6 7. d3 Nbd7 8. Bd2
O-O 9. a3 c5 10. e4 Qc7 11. Ne1 Rad8 12. f4 Nb8 13. Nb5 Qd7 14. Nxa7 Ba6 15.
Nb5 Bxb5 16. cxb5 Qxb5 17. Bc3 d5 18. a4 Qd7 19. Qb3 d4 20. Bd2 Nc6 21. Nc2 Rb8
22. Na3 Na5 23. Qc2 Rfc8 24. Rfc1 Ng4 25. e5 Ne3 26. Bxe3 dxe3 27. Nb5 c4 28.
Rd1 Bc5 29. d4 Bb4 30. Qe2 Bd2 31. Nd6 Rd8 32. d5 Nb3 33. dxe6 fxe6 34. Rab1
Qxa4 35. Bh3 Nd4 36. Qxc4 Qxc4 37. Nxc4 Kf7 38. Bg4 Nb3 39. Nd6+ Ke7 40. Kf1
Rxd6 41. exd6+ Kxd6 42. Ke2 Rc8 43. Kd3 Kd5 44. Bf3+ Kc5 1/2-1/2

[Event "II. Budapest Open"]
[Site ", "]
[Date "2012.08.23"]
[Round "6"]
[White "Lakat, Gyula"]
[Black "Nebenfuhrer, Gyorgy"]
[Result "1-0"]
[WhiteElo "1896"]
[BlackElo "1689"]
[PlyCount "73"]
[EventDate "2012.??.??"]

1. e4 c5 2. Nf3 e6 3. d4 cxd4 4. Nxd4 g6 5. c4 Bg7 6. Nc3 d6 7. Be3 Nd7 8. Be2
Ngf6 9. f3 Qb6 10. Qd2 Nc5 11. Ndb5 Bf8 12. b4 a6 13. bxc5 dxc5 14. Na3 Qc6 15.
O-O Bg7 16. e5 Nd7 17. f4 O-O 18. Bf3 Qc7 19. Rab1 Nxe5 20. fxe5 Bxe5 21. g3
Rd8 22. Qc2 f5 23. Rfd1 Bd4 24. Bxd4 cxd4 25. Na4 Rb8 26. Nb6 Qc5 27. Qd3 e5
28. Bd5+ Kh8 29. Nc2 Rd6 30. Nxc8 Qxc8 31. Nxd4 Qc5 32. Kg2 Rxd5 33. cxd5 Qxd5+
34. Nf3 Qxd3 35. Rxd3 e4 36. Rd7 exf3+ 37. Kxf3 1-0

[Event "II. Budapest Open"]
[Site ", "]
[Date "2012.08.23"]
[Round "6"]
[White "Schatzer, Andras"]
[Black "Zsatkovics, Endre"]
[Result "0-1"]
[WhiteElo "1729"]
[BlackElo "1740"]
[PlyCount "58"]
[EventDate "2012.??.??"]

1. e4 e5 2. Nf3 Nc6 3. d4 exd4 4. Bc4 Nf6 5. e5 d5 6. Bb5 Ne4 7. O-O Bg4 8. h3
Bd7 9. Bxc6 bxc6 10. Nxd4 Bc5 11. Nf3 O-O 12. Nbd2 Bf5 13. Nb3 Bb6 14. Nbd4 Bd7
15. c3 c5 16. Nc2 c6 17. Nd2 Qh4 18. Nxe4 Qxe4 19. Re1 Qg6 20. Re3 Bf5 21. Ne1
c4 22. Re2 Bxh3 23. Be3 Bc7 24. Kh2 Bg4 25. f3 Bxe5+ 26. Kg1 Bf5 27. Bc5 Rfe8
28. Nc2 Bd3 29. Rd2 Qg3 0-1

[Event "II. Budapest Open"]
[Site ", "]
[Date "2012.08.23"]
[Round "6"]
[White "Zahonyi Abel, Mark"]
[Black "Papp, Andrea"]
[Result "1/2-1/2"]
[WhiteElo "1815"]
[BlackElo "1621"]
[PlyCount "62"]
[EventDate "2012.??.??"]

1. e4 c5 2. Nf3 Nc6 3. d4 cxd4 4. Nxd4 Nf6 5. Nc3 e5 6. Ndb5 d6 7. Bg5 a6 8.
Na3 b5 9. Nd5 Be7 10. Bxf6 gxf6 11. c4 b4 12. Nc2 Rb8 13. Nce3 Bd7 14. Nxe7
Qxe7 15. Nd5 Qd8 16. Bd3 Rg8 17. Qh5 Rg6 18. Qxh7 Be6 19. Qh8+ Kd7 20. Qxd8+
Kxd8 21. Kf1 Nd4 22. f3 f5 23. exf5 Bxf5 24. Bxf5 Nxf5 25. g4 Nh4 26. Kf2 Kd7
27. h3 a5 28. b3 Rbg8 29. Ne3 Rf6 30. Nf5 Nxf5 31. gxf5 Rxf5 1/2-1/2

[Event "II. Budapest Open"]
[Site ", "]
[Date "2012.08.23"]
[Round "6"]
[White "Terbe, Zsuzsanna"]
[Black "B. Kiss, Tamas"]
[Result "1-0"]
[WhiteElo "1748"]
[BlackElo "1526"]
[PlyCount "81"]
[EventDate "2012.??.??"]

1. Nf3 e6 2. g3 d5 3. Bg2 Bd6 4. O-O Nf6 5. d3 O-O 6. Nbd2 Nbd7 7. e4 dxe4 8.
dxe4 e5 9. Nc4 Qe7 10. Re1 b6 11. Nxd6 cxd6 12. b3 Bb7 13. Ba3 Nc5 14. Nd2 Rfd8
15. Qe2 Rac8 16. Rad1 Ne6 17. c4 Nd4 18. Qd3 Ba6 19. Nf3 Nxf3+ 20. Qxf3 Bb7 21.
Rd2 Qe6 22. Qd1 Ne8 23. Re3 Rd7 24. Bf3 g6 25. Bg4 f5 26. Bh3 Rcd8 27. Qe1 Qf6
28. Bb2 Rf7 29. Bg2 Qg5 30. f4 exf4 31. gxf4 Qxf4 32. exf5 Bxg2 33. Rxe8+ Rxe8
34. Qxe8+ Rf8 35. Qe6+ Rf7 36. Rxg2 Qxf5 37. Qxf5 Rxf5 38. Rd2 Rg5+ 39. Kf1 Rh5
40. Ba3 Rf5+ 41. Ke1 1-0

[Event "II. Budapest Open"]
[Site ", "]
[Date "2012.08.23"]
[Round "6"]
[White "Csermely, Zoltan"]
[Black "Szonyi, Bence"]
[Result "0-1"]
[WhiteElo "1686"]
[BlackElo "1614"]
[PlyCount "172"]
[EventDate "2012.??.??"]

1. e4 c5 2. Nf3 e6 3. c4 d6 4. Nc3 Nf6 5. d3 Be7 6. g3 O-O 7. Bg2 Nc6 8. O-O d5
9. exd5 exd5 10. cxd5 Nxd5 11. Nxd5 Qxd5 12. Re1 Bg4 13. h3 Bxf3 14. Bxf3 Qd7
15. Qa4 Bf6 16. Be4 Rfe8 17. g4 Qd4 18. Qxd4 Nxd4 19. Be3 Nc2 20. Bxb7 Rab8 21.
Bc6 Red8 22. Bf4 Nxe1 23. Bxb8 Nc2 24. Rc1 Nd4 25. Rxc5 Rxb8 26. Bd5 g6 27. Rc7
Ne6 28. b3 a5 29. Ra7 Bc3 30. a3 Rc8 31. Kg2 Rc7 32. Ra8+ Kg7 33. Bxe6 fxe6 34.
Kf3 Rb7 35. b4 axb4 36. axb4 Bxb4 37. Ke4 Bc5 38. f4 Kf6 39. g5+ Ke7 40. d4 Rb4
41. Rh8 Rxd4+ 42. Kf3 Bd6 43. Rxh7+ Kf8 44. Rd7 Bc5 45. Rb7 Rd3+ 46. Kg2 Bd6
47. Rd7 Rd2+ 48. Kf3 Bxf4 49. Rh7 e5 50. h4 Rd3+ 51. Ke4 Re3+ 52. Kd5 Rh3 53.
Ke6 Bxg5 54. Kxe5 Rxh4 55. Rb7 Rf4 56. Rh7 Kg8 57. Rb7 Rf7 58. Rb1 Bh4 59. Ke6
Kg7 60. Ke5 g5 61. Rb4 Kg6 62. Rb6+ Kh5 63. Ke6 Rf8 64. Rb5 Kg6 65. Ke7 Rf4 66.
Rb6+ Kh5 67. Rb5 Kg4 68. Ke6 Kg3 69. Ke5 Rf3 70. Ke4 Kg2 71. Rb7 g4 72. Rh7 Bf2
73. Rg7 g3 74. Rg4 Rf8 75. Kd3 Bg1 76. Ke2 Bh2 77. Ra4 Re8+ 78. Kd3 Kh1 79.
Ra1+ Bg1 80. Rf1 g2 81. Rb1 Kh2 82. Rb7 Rh8 83. Ke2 Bc5 84. Kf3 g1=Q 85. Rb2+
Kh3 86. Ra2 Qe3# 0-1

[Event "II. Budapest Open"]
[Site ", "]
[Date "2012.08.23"]
[Round "6"]
[White "Devald, Tamas"]
[Black "Romhanyi, Mihaly"]
[Result "1-0"]
[WhiteElo "1422"]
[BlackElo "1455"]
[PlyCount "57"]
[EventDate "2012.??.??"]

1. e4 d6 2. d4 Nf6 3. Nc3 g6 4. Nf3 Bg7 5. Bc4 O-O 6. O-O c5 7. dxc5 dxc5 8.
Be3 Nbd7 9. Rb1 a6 10. a4 Ng4 11. Ng5 Nxe3 12. fxe3 Ne5 13. Qxd8 Rxd8 14. Bxf7+
Kh8 15. Bd5 e6 16. Bxe6 h6 17. Nf7+ Nxf7 18. Bxf7 Kh7 19. Bd5 Rb8 20. Rf7 b5
21. axb5 axb5 22. Ne2 Bg4 23. Nf4 g5 24. Nd3 Kg6 25. Rc7 c4 26. Rc6+ Kh5 27.
Bf7+ Kh4 28. g3+ Kh3 29. Nf2# 1-0

[Event "II. Budapest Open"]
[Site ", "]
[Date "2012.08.23"]
[Round "6"]
[White "Mihajlova, Diana"]
[Black "Bolgar, Janka"]
[Result "0-1"]
[WhiteElo "1482"]
[BlackElo "1398"]
[PlyCount "74"]
[EventDate "2012.??.??"]

1. e4 e5 2. Bc4 Nf6 3. d3 h6 4. Bd2 Bc5 5. Nc3 d6 6. Nge2 Bg4 7. f3 Bd7 8. Ng3
Nc6 9. Nd5 Nxd5 10. Bxd5 Qe7 11. Qe2 Nd4 12. Qd1 c6 13. Bb3 Be6 14. c3 Bxb3 15.
axb3 Ne6 16. Qc1 Qf6 17. b4 Bb6 18. Be3 Nf4 19. O-O Nxd3 20. Qd2 Bxe3+ 21. Qxe3
Nf4 22. Rxa7 Rxa7 23. Qxa7 O-O 24. Qxb7 c5 25. bxc5 dxc5 26. c4 Qd8 27. Rf2
Qd1+ 28. Nf1 Qd4 29. Nd2 Ne2+ 30. Kf1 Qxd2 31. Rxe2 Qd1+ 32. Kf2 Qd4+ 33. Ke1
Qg1+ 34. Kd2 Rd8+ 35. Qd5 Rxd5+ 36. cxd5 Qd4+ 37. Ke1 c4 0-1